[Event "XLIV Memoriał Szachowy Ludwika Zamenhofa 2025, Grupa B"]
[Site "Bialystok, Poland"]
[Date "2025.12.28"]
[Round "3.24"]
[White "Kicinska, Magdalena"]
[Black "Kozlowski, Kacper"]
[Result "0-1"]
[TimeControl "90'+30\""]
[WhiteElo "1883"]
[BlackElo "1764"]

1. d4 {[%clk 01:30:58]} {[%emt 00:00:01]} Nf6 {[%clk 01:30:17]} {[%emt
00:00:43]} 2. Nf3 {[%clk 01:31:22]} {[%emt 00:00:06]} g6 {[%clk 01:30:34]}
{[%emt 00:00:12]} 3. Bg5 {[%clk 01:31:20]} {[%emt 00:00:32]} Bg7 {[%clk
01:30:48]} {[%emt 00:00:16]} 4. Nc3 {[%clk 01:31:39]} {[%emt 00:00:12]} d5
{[%clk 01:30:55]} {[%emt 00:00:22]} 5. e3 {[%clk 01:32:02]} {[%emt 00:00:08]}
O-O {[%clk 01:30:36]} {[%emt 00:00:48]} 6. Bd3 {[%clk 01:28:46]} {[%emt
00:03:46]} c5 {[%clk 01:28:47]} {[%emt 00:02:19]} 7. O-O {[%clk 01:23:05]}
{[%emt 00:06:11]} b6 {[%clk 01:27:30]} {[%emt 00:01:48]} 8. Ne5 {[%clk
01:17:18]} {[%emt 00:06:18]} Bb7 {[%clk 01:24:02]} {[%emt 00:03:57]} 9. f4
{[%clk 01:16:25]} {[%emt 00:01:23]} a6 {[%clk 01:17:37]} {[%emt 00:06:55]} 10.
Qe1 {[%clk 01:07:45]} {[%emt 00:09:10]} Ne4 {[%clk 01:12:59]} {[%emt 00:05:07]}
11. Bh4 {[%clk 01:02:14]} {[%emt 00:06:01]} Qc7 {[%clk 00:53:31]} {[%emt
00:19:58]} 12. Nd1 {[%clk 00:53:32]} {[%emt 00:09:12]} Nc6 {[%clk 00:49:49]}
{[%emt 00:04:12]} 13. c3 {[%clk 00:53:23]} {[%emt 00:00:40]} f6 {[%clk
00:48:12]} {[%emt 00:02:06]} 14. Nxc6 {[%clk 00:49:00]} {[%emt 00:04:52]} Bxc6
{[%clk 00:47:58]} {[%emt 00:00:45]} 15. f5 {[%clk 00:46:26]} {[%emt 00:03:04]}
Rae8 {[%clk 00:45:09]} {[%emt 00:03:19]} 16. Qe2 {[%clk 00:39:26]} {[%emt
00:07:31]} e6 {[%clk 00:40:47]} {[%emt 00:04:51]} 17. Bxe4 {[%clk 00:31:52]}
{[%emt 00:08:03]} dxe4 {[%clk 00:38:02]} {[%emt 00:03:16]} 18. fxg6 {[%clk
00:31:47]} {[%emt 00:00:35]} hxg6 {[%clk 00:38:17]} {[%emt 00:00:15]} 19. Qxa6
{[%clk 00:31:08]} {[%emt 00:01:10]} b5 {[%clk 00:30:34]} {[%emt 00:08:12]} 20.
Bg3 {[%clk 00:26:54]} {[%emt 00:04:44]} e5 {[%clk 00:27:18]} {[%emt 00:03:46]}
21. dxe5 {[%clk 00:23:16]} {[%emt 00:04:08]} fxe5 {[%clk 00:27:34]} {[%emt
00:00:14]} 22. Qa3 {[%clk 00:22:32]} {[%emt 00:01:13]} Bd5 {[%clk 00:23:31]}
{[%emt 00:04:33]} 23. b3 {[%clk 00:21:31]} {[%emt 00:01:31]} Bh6 {[%clk
00:23:01]} {[%emt 00:01:00]} 24. Qb2 {[%clk 00:20:24]} {[%emt 00:01:37]} c4
{[%clk 00:20:36]} {[%emt 00:02:55]} 25. b4 {[%clk 00:20:15]} {[%emt 00:00:39]}
Be6 {[%clk 00:19:04]} {[%emt 00:02:01]} 26. Qc2 {[%clk 00:18:36]} {[%emt
00:02:09]} Qa7 {[%clk 00:17:11]} {[%emt 00:02:23]} 27. Qxe4 {[%clk 00:16:38]}
{[%emt 00:02:30]} Bf5 {[%clk 00:16:42]} {[%emt 00:00:59]} 28. Qd5+ {[%clk
00:16:41]} {[%emt 00:00:27]} Kh7 {[%clk 00:16:48]} {[%emt 00:00:19]} 29. Bf2
{[%clk 00:14:31]} {[%emt 00:02:43]} Bd3 {[%clk 00:15:30]} {[%emt 00:01:49]} 30.
Re1 {[%clk 00:13:43]} {[%emt 00:01:17]} e4 {[%clk 00:13:13]} {[%emt 00:02:47]}
31. Qxb5 {[%clk 00:10:07]} {[%emt 00:04:06]} Re6 {[%clk 00:10:46]} {[%emt
00:02:54]} 32. Qc5 {[%clk 00:08:08]} {[%emt 00:02:32]} Qxc5 {[%clk 00:10:41]}
{[%emt 00:00:35]} 33. bxc5 {[%clk 00:08:32]} {[%emt 00:00:05]} Rc8 {[%clk
00:10:15]} {[%emt 00:00:56]} 34. Nb2 {[%clk 00:04:07]} {[%emt 00:04:55]} Rxc5
{[%clk 00:10:28]} {[%emt 00:00:17]} 35. a4 {[%clk 00:03:38]} {[%emt 00:00:59]}
Bg7 {[%clk 00:09:00]} {[%emt 00:01:58]} 36. Rec1 {[%clk 00:03:53]} {[%emt
00:00:16]} Rb6 {[%clk 00:08:36]} {[%emt 00:00:54]} 37. Ra2 {[%clk 00:04:03]}
{[%emt 00:00:21]} Rb3 {[%clk 00:07:39]} {[%emt 00:01:27]} 38. Be1 {[%clk
00:03:45]} {[%emt 00:00:47]} Ra5 {[%clk 00:05:12]} {[%emt 00:02:57]} 39. Nxd3
{[%clk 00:03:05]} {[%emt 00:01:11]} exd3 {[%clk 00:05:12]} {[%emt 00:00:30]} 40.
Bd2 {[%clk 00:02:35]} {[%emt 00:01:00]} Kg8 {[%clk 00:04:37]} {[%emt 00:01:05]}
41. g4 {[%clk 00:02:15]} {[%emt 00:00:50]} Kf7 {[%clk 00:04:50]} {[%emt
00:00:17]} 42. Kg2 {[%emt 00:01:34]} Ke6 {[%clk 00:04:15]} 43. Kf3 {[%clk
00:01:23]} {[%emt 00:01:22]} Ke5 {[%clk 00:03:56]} {[%emt 00:00:44]} 44. h4
{[%clk 00:00:48]} {[%emt 00:01:09]} Bf6 {[%clk 00:02:27]} {[%emt 00:01:59]} 45.
g5 {[%clk 00:01:14]} {[%emt 00:00:05]} Be7 {[%clk 00:02:25]} {[%emt 00:00:32]}
46. Kg4 {[%clk 00:01:25]} {[%emt 00:00:18]} Ke4 {[%clk 00:02:17]} {[%emt
00:00:38]} 47. Rf1 {[%clk 00:01:28]} {[%emt 00:00:27]} Bd6 {[%clk 00:02:09]}
{[%emt 00:00:37]} 48. Rf6 {[%clk 00:00:35]} {[%emt 00:01:24]} Be5 {[%clk
00:02:21]} {[%emt 00:00:16]} 49. Rxg6 {[%clk 00:00:39]} {[%emt 00:00:28]} Bxc3
{[%clk 00:02:21]} {[%emt 00:00:30]} 50. Bxc3 {[%clk 00:00:34]} {[%emt
00:00:35]} Rxc3 {[%clk 00:02:47]} {[%emt 00:00:04]} 51. Re6+ {[%clk 00:00:54]}
{[%emt 00:00:10]} Re5 {[%clk 00:02:36]} {[%emt 00:00:41]} 52. Rc6 {[%clk
00:00:47]} {[%emt 00:00:37]} Kd5 {[%clk 00:02:47]} {[%emt 00:00:19]} 53. Rc8
{[%clk 00:01:07]} {[%emt 00:00:09]} Rc2 {[%clk 00:03:04]} {[%emt 00:00:13]} 54.
Rd8+ {[%clk 00:00:59]} {[%emt 00:00:38]} Ke4 {[%clk 00:03:01]} {[%emt
00:00:33]} 55. Rxc2 {[%clk 00:01:04]} {[%emt 00:00:25]} dxc2 {[%clk 00:02:49]}
{[%emt 00:00:42]} 56. Rd4+ {[%clk 00:01:31]} {[%emt 00:00:03]} Kxe3 {[%clk
00:03:09]} {[%emt 00:00:10]} 57. Rxc4 {[%clk 00:01:58]} {[%emt 00:00:03]} Re4+
{[%clk 00:03:32]} {[%emt 00:00:07]} 58. Rxe4+ {[%clk 00:02:07]} {[%emt
00:00:21]} Kxe4 {[%clk 00:03:58]} {[%emt 00:00:03]} 59. h5 {[%clk 00:02:07]}
{[%emt 00:00:30]} c1=Q {[%clk 00:04:21]} {[%emt 00:00:07]} 60. h6 {[%clk
00:02:35]} {[%emt 00:00:02]} Qg1 {[%clk 00:04:40]} {[%emt 00:00:11]} 61. Kh5
{[%clk 00:02:53]} {[%emt 00:00:13]} Kf5 {[%clk 00:05:05]} {[%emt 00:00:05]} 62.
h7 {[%clk 00:03:16]} {[%emt 00:00:07]} Qh2 {[%clk 00:05:28]} {[%emt 00:00:05]}
0-1

[Event "XLIV Memoriał Szachowy Ludwika Zamenhofa 2025, Grupa B"]
[Site "Bialystok, Poland"]
[Date "2025.12.28"]
[Round "3.25"]
[White "Skiba, Igor"]
[Black "Kicinski, Jacek"]
[Result "1/2-1/2"]
[TimeControl "90'+30\""]
[WhiteElo "1762"]
[BlackElo "1878"]

1. e4 {[%clk 01:26:49]} {[%emt 00:04:06]} c5 {[%clk 01:30:55]} {[%emt
00:00:11]} 2. Nf3 {[%clk 01:26:44]} {[%emt 00:00:34]} Nc6 {[%clk 01:31:19]}
{[%emt 00:00:07]} 3. Bb5 {[%clk 01:26:45]} {[%emt 00:00:29]} d6 {[%clk
01:30:33]} {[%emt 00:01:15]} 4. O-O {[%clk 01:26:22]} {[%emt 00:00:54]} Nf6
{[%clk 01:30:09]} {[%emt 00:00:54]} 5. Re1 {[%clk 01:26:27]} {[%emt 00:00:24]}
e5 {[%clk 01:27:08]} {[%emt 00:03:31]} 6. c3 {[%clk 01:23:02]} {[%emt
00:03:56]} a6 {[%clk 01:19:24]} {[%emt 00:08:14]} 7. Bf1 {[%clk 01:15:34]}
{[%emt 00:07:57]} Bg4 {[%clk 01:18:37]} {[%emt 00:01:18]} 8. d3 {[%clk
01:10:20]} {[%emt 00:05:43]} Be7 {[%clk 01:18:00]} {[%emt 00:01:07]} 9. Nbd2
{[%clk 01:09:11]} {[%emt 00:01:40]} O-O {[%clk 01:12:39]} {[%emt 00:05:50]} 10.
Nc4 {[%clk 01:05:38]} {[%emt 00:04:03]} h6 {[%clk 01:02:44]} {[%emt 00:10:25]}
11. Ne3 {[%clk 01:00:48]} {[%emt 00:05:20]} Bh5 {[%clk 00:59:40]} {[%emt
00:03:34]} 12. Nf5 {[%clk 00:55:53]} {[%emt 00:05:25]} d5 {[%clk 00:53:54]}
{[%emt 00:06:17]} 13. Qe2 {[%clk 00:51:30]} {[%emt 00:04:52]} d4 {[%clk
00:44:18]} {[%emt 00:10:06]} 14. h3 {[%clk 00:48:49]} {[%emt 00:03:11]} Bxf3
{[%clk 00:40:26]} {[%emt 00:04:21]} 15. Qxf3 {[%clk 00:49:09]} {[%emt
00:00:11]} Kh7 {[%clk 00:36:27]} {[%emt 00:04:28]} 16. Be2 {[%clk 00:38:19]}
{[%emt 00:11:21]} Rg8 {[%clk 00:35:12]} {[%emt 00:01:45]} 17. Nxe7 {[%clk
00:30:40]} {[%emt 00:08:09]} Qxe7 {[%clk 00:34:03]} {[%emt 00:01:38]} 18. Bd1
{[%clk 00:29:39]} {[%emt 00:01:31]} b5 {[%clk 00:32:28]} {[%emt 00:02:05]} 19.
g4 {[%clk 00:27:14]} {[%emt 00:02:55]} Nd7 {[%clk 00:29:33]} {[%emt 00:03:25]}
20. Bb3 {[%clk 00:26:30]} {[%emt 00:01:15]} Raf8 {[%clk 00:27:38]} {[%emt
00:02:25]} 21. a4 {[%clk 00:23:43]} {[%emt 00:03:17]} b4 {[%clk 00:25:25]}
{[%emt 00:02:43]} 22. Bd2 {[%clk 00:21:32]} {[%emt 00:02:41]} a5 {[%clk
00:22:22]} {[%emt 00:03:34]} 23. Kh2 {[%clk 00:20:17]} {[%emt 00:01:45]} g6
{[%clk 00:22:39]} {[%emt 00:00:12]} 24. Qg3 {[%clk 00:19:02]} {[%emt 00:01:45]}
bxc3 {[%clk 00:13:50]} {[%emt 00:09:20]} 25. bxc3 {[%clk 00:19:01]} {[%emt
00:00:31]} dxc3 {[%clk 00:14:17]} {[%emt 00:00:03]} 26. Bxc3 {[%clk 00:19:12]}
{[%emt 00:00:18]} Nd4 {[%emt 00:00:33]} 27. Bxd4 {[%clk 00:18:54]} {[%emt
00:00:22]} exd4 {[%clk 00:13:26]} {[%emt 00:01:43]} 28. e5 {[%clk 00:17:30]}
{[%emt 00:01:55]} Rb8 {[%clk 00:11:19]} {[%emt 00:02:37]} 29. Bxf7 {[%clk
00:13:22]} {[%emt 00:04:38]} Qxf7 {[%clk 00:11:13]} {[%emt 00:00:36]} 30. e6
{[%clk 00:13:51]} {[%emt 00:00:01]} Qg7 {[%clk 00:11:14]} {[%emt 00:00:29]} 31.
exd7 {[%clk 00:14:08]} {[%emt 00:00:13]} Qxd7 {[%clk 00:11:36]} {[%emt
00:00:08]} 32. Qe5 {[%clk 00:12:57]} {[%emt 00:01:41]} Qc6 {[%clk 00:09:19]}
{[%emt 00:02:47]} 33. Rac1 {[%clk 00:11:17]} {[%emt 00:02:10]} Rbe8 {[%clk
00:07:34]} {[%emt 00:02:15]} 34. Qf4 {[%clk 00:10:24]} {[%emt 00:01:23]} Rgf8
{[%clk 00:07:07]} {[%emt 00:00:57]} 35. Re7+ {[%clk 00:09:59]} {[%emt
00:00:54]} Rxe7 {[%clk 00:06:40]} {[%emt 00:00:58]} 36. Qxf8 {[%clk 00:10:25]}
{[%emt 00:00:04]} Qd6+ {[%clk 00:04:44]} {[%emt 00:02:26]} 37. Kg2 {[%clk
00:10:49]} {[%emt 00:00:06]} Qd5+ {[%clk 00:04:19]} {[%emt 00:00:55]} 38. Qf3
{[%clk 00:10:17]} {[%emt 00:01:02]} Qe5 {[%clk 00:03:48]} {[%emt 00:01:00]} 39.
Rb1 {[%clk 00:09:32]} {[%emt 00:01:16]} Kg7 {[%clk 00:04:07]} {[%emt 00:00:11]}
40. Rb7 {[%clk 00:07:24]} {[%emt 00:02:37]} Qe6 {[%clk 00:04:16]} {[%emt
00:00:22]} 41. Rxe7+ {[%clk 00:06:47]} {[%emt 00:01:07]} Qxe7 {[%clk 00:04:45]}
42. Qd5 {[%clk 00:06:26]} {[%emt 00:00:52]} Qc7 {[%clk 00:04:42]} {[%emt
00:00:32]} 43. h4 {[%clk 00:04:50]} {[%emt 00:02:06]} Qe7 {[%clk 00:04:52]}
{[%emt 00:00:20]} 44. Kg3 {[%clk 00:03:43]} {[%emt 00:01:37]} Qc7+ {[%clk
00:05:13]} {[%emt 00:00:10]} 45. Kg2 {[%clk 00:03:29]} {[%emt 00:00:43]} Qc8
{[%clk 00:05:01]} {[%emt 00:00:42]} 46. Qe5+ {[%clk 00:03:33]} {[%emt
00:00:26]} Kf7 {[%clk 00:04:49]} {[%emt 00:00:42]} 47. Qf4+ {[%clk 00:03:48]}
{[%emt 00:00:16]} Kg7 {[%clk 00:04:15]} {[%emt 00:01:04]} 48. Qe5+ {[%clk
00:03:56]} {[%emt 00:00:22]} Kg8 {[%clk 00:04:20]} {[%emt 00:00:24]} 49. Qd5+
{[%clk 00:03:59]} {[%emt 00:00:27]} Kh7 {[%clk 00:04:41]} {[%emt 00:00:09]} 50.
Qf7+ {[%clk 00:04:13]} {[%emt 00:00:17]} Kh8 {[%clk 00:05:05]} {[%emt
00:00:06]} 51. Qxg6 {[%clk 00:03:44]} {[%emt 00:00:59]} Qf8 {[%clk 00:05:29]}
{[%emt 00:00:06]} 52. Qe4 {[%clk 00:02:20]} {[%emt 00:01:53]} Kg7 {[%clk
00:03:16]} {[%emt 00:02:43]} 53. g5 {[%clk 00:02:12]} {[%emt 00:00:39]} hxg5
{[%clk 00:03:33]} {[%emt 00:00:14]} 54. hxg5 {[%clk 00:02:36]} {[%emt
00:00:06]} Qd6 {[%clk 00:03:07]} {[%emt 00:00:56]} 55. f4 {[%clk 00:02:10]}
{[%emt 00:00:56]} c4 {[%clk 00:03:33]} {[%emt 00:00:04]} 56. Qb7+ {[%clk
00:01:09]} {[%emt 00:01:31]} Kg6 {[%clk 00:03:55]} {[%emt 00:00:09]} 57. Qe4+
{[%clk 00:01:28]} {[%emt 00:00:11]} Kg7 {[%clk 00:04:13]} {[%emt 00:00:12]} 58.
Qb7+ {[%clk 00:00:50]} {[%emt 00:01:08]} Kg6 {[%clk 00:04:41]} {[%emt
00:00:02]} 59. Qe4+ {[%clk 00:00:56]} {[%emt 00:00:25]} 1/2-1/2

[Event "XLIV Memoriał Szachowy Ludwika Zamenhofa 2025, Grupa B"]
[Site "Bialystok, Poland"]
[Date "2025.12.28"]
[Round "3.26"]
[White "Saliuk, Maryia"]
[Black "Widelski, Kacper"]
[Result "0-1"]
[TimeControl "90'+30\""]
[WhiteElo "1742"]
[BlackElo "1874"]

1. f4 {[%clk 01:30:54]} {[%emt 00:00:06]} Nf6 {[%clk 01:29:36]} {[%emt
00:01:25]} 2. Nf3 {[%clk 01:30:39]} {[%emt 00:00:45]} d6 {[%clk 01:29:54]}
{[%emt 00:00:11]} 3. d3 {[%clk 01:30:21]} {[%emt 00:00:48]} g6 {[%clk
01:28:37]} {[%emt 00:01:47]} 4. e4 {[%clk 01:28:03]} {[%emt 00:02:48]} Bg7
{[%clk 01:26:15]} {[%emt 00:02:52]} 5. Nc3 {[%clk 01:25:43]} {[%emt 00:02:50]}
O-O {[%clk 01:25:46]} {[%emt 00:00:59]} 6. Be2 {[%emt 00:03:07]} c5 {[%clk
01:23:36]} 7. O-O {[%clk 01:24:59]} {[%emt 00:01:17]} Nc6 {[%clk 01:23:22]}
{[%emt 00:00:44]} 8. Qe1 {[%clk 01:22:10]} {[%emt 00:03:19]} d5 {[%clk
01:12:33]} {[%emt 00:11:20]} 9. e5 {[%clk 01:14:46]} {[%emt 00:07:54]} Ne8
{[%clk 01:12:35]} {[%emt 00:00:27]} 10. Qh4 {[%clk 01:11:35]} {[%emt 00:03:41]}
f6 {[%clk 01:06:04]} {[%emt 00:07:01]} 11. exf6 {[%clk 00:55:46]} {[%emt
00:16:20]} exf6 {[%clk 01:05:32]} {[%emt 00:01:01]} 12. h3 {[%clk 00:55:29]}
{[%emt 00:00:47]} Nc7 {[%clk 01:03:53]} {[%emt 00:02:09]} 13. g4 {[%clk
00:53:49]} {[%emt 00:02:10]} f5 {[%clk 01:03:24]} {[%emt 00:01:00]} 14. Qxd8
{[%clk 00:53:00]} {[%emt 00:01:19]} Rxd8 {[%clk 01:03:44]} {[%emt 00:00:10]} 15.
g5 {[%clk 00:50:33]} {[%emt 00:02:57]} d4 {[%clk 00:55:54]} {[%emt 00:08:19]}
16. Nb1 {[%clk 00:48:12]} {[%emt 00:02:51]} Re8 {[%clk 00:54:51]} {[%emt
00:01:33]} 17. Kf2 {[%clk 00:46:01]} {[%emt 00:02:41]} Nb4 {[%clk 00:52:09]}
{[%emt 00:03:13]} 18. Na3 {[%clk 00:45:58]} {[%emt 00:00:33]} Ncd5 {[%clk
00:48:54]} {[%emt 00:03:45]} 19. Bd1 {[%clk 00:39:48]} {[%emt 00:06:40]} Ne3
{[%clk 00:47:45]} {[%emt 00:01:39]} 20. Re1 {[%clk 00:40:05]} {[%emt 00:00:13]}
Nbd5 {[%clk 00:44:41]} {[%emt 00:03:34]} 21. Nc4 {[%clk 00:39:26]} {[%emt
00:01:09]} Nxf4 {[%clk 00:39:23]} {[%emt 00:05:47]} 22. Nxe3 {[%clk 00:36:04]}
{[%emt 00:03:53]} dxe3+ {[%clk 00:38:37]} {[%emt 00:01:17]} 23. Bxe3 {[%clk
00:31:34]} {[%emt 00:04:59]} Nxh3+ {[%clk 00:38:41]} {[%emt 00:00:26]} 24. Kg3
{[%clk 00:22:38]} {[%emt 00:09:26]} Rxe3 {[%clk 00:38:32]} {[%emt 00:00:40]} 25.
Kxh3 {[%clk 00:22:23]} {[%emt 00:00:45]} Rxe1 {[%clk 00:38:33]} {[%emt
00:00:29]} 26. Nxe1 {[%clk 00:22:48]} {[%emt 00:00:05]} Bxb2 {[%clk 00:38:47]}
{[%emt 00:00:17]} 27. Rb1 {[%clk 00:23:09]} {[%emt 00:00:10]} Bc3 {[%clk
00:38:55]} {[%emt 00:00:21]} 28. Ng2 {[%clk 00:22:49]} {[%emt 00:00:50]} Bd2
{[%clk 00:38:50]} {[%emt 00:00:34]} 29. Kh4 {[%clk 00:22:43]} {[%emt 00:00:36]}
Be6 {[%clk 00:36:16]} {[%emt 00:03:04]} 30. Bf3 {[%clk 00:22:36]} {[%emt
00:00:37]} Rb8 {[%clk 00:36:42]} {[%emt 00:00:04]} 31. a3 {[%clk 00:20:03]}
{[%emt 00:03:03]} b6 {[%clk 00:35:32]} {[%emt 00:01:40]} 32. Rd1 {[%clk
00:19:37]} {[%emt 00:00:56]} Bc3 {[%clk 00:35:55]} {[%emt 00:00:07]} 33. Nf4
{[%clk 00:20:00]} {[%emt 00:00:07]} Kf7 {[%clk 00:36:11]} {[%emt 00:00:15]} 34.
Bc6 {[%clk 00:18:40]} {[%emt 00:01:50]} Rh8 {[%clk 00:35:56]} {[%emt 00:00:44]}
35. Rg1 {[%clk 00:17:48]} {[%emt 00:01:21]} h6 {[%clk 00:36:02]} {[%emt
00:00:25]} 36. gxh6 {[%clk 00:16:45]} {[%emt 00:01:33]} Bf6+ {[%clk 00:30:07]}
{[%emt 00:06:26]} 37. Kg3 {[%clk 00:16:55]} {[%emt 00:00:19]} Rxh6 {[%clk
00:30:30]} {[%emt 00:00:07]} 38. Kf3 {[%clk 00:16:44]} {[%emt 00:00:41]} g5
{[%clk 00:28:32]} {[%emt 00:02:28]} 39. Ng2 {[%clk 00:15:17]} {[%emt 00:01:56]}
Rh3+ {[%clk 00:28:24]} {[%emt 00:00:38]} 40. Ke2 {[%clk 00:15:41]} {[%emt
00:00:07]} f4 {[%clk 00:28:21]} {[%emt 00:00:33]} 41. Rf1 {[%clk 00:14:49]}
{[%emt 00:01:21]} Rh2 {[%clk 00:27:49]} {[%emt 00:01:02]} 42. Kd2 {[%clk
00:12:30]} {[%emt 00:02:50]} Bh3 {[%clk 00:28:10]} {[%emt 00:00:09]} 43. Rf2
{[%clk 00:12:44]} {[%emt 00:00:16]} Bd4 {[%clk 00:28:17]} {[%emt 00:00:22]} 44.
Re2 {[%clk 00:13:08]} {[%emt 00:00:07]} Bg4 {[%clk 00:28:05]} {[%emt 00:00:42]}
45. Re1 {[%clk 00:13:07]} {[%emt 00:00:30]} f3 {[%clk 00:28:26]} {[%emt
00:00:09]} 46. Rf1 {[%clk 00:13:23]} {[%emt 00:00:14]} Rxg2+ {[%clk 00:28:50]}
{[%emt 00:00:07]} 47. Kc1 {[%clk 00:13:50]} {[%emt 00:00:03]} Rg1 {[%clk
00:29:10]} {[%emt 00:00:10]} 48. Rxg1 {[%clk 00:14:15]} {[%emt 00:00:05]} Bxg1
{[%clk 00:29:36]} {[%emt 00:00:04]} 49. c4 {[%clk 00:14:36]} {[%emt 00:00:09]}
f2 {[%clk 00:29:58]} {[%emt 00:00:09]} 50. d4 {[%clk 00:15:02]} {[%emt
00:00:04]} f1=Q+ {[%clk 00:30:20]} {[%emt 00:00:08]} 51. Kd2 {[%clk 00:15:28]}
{[%emt 00:00:04]} Qd1+ {[%clk 00:30:42]} {[%emt 00:00:07]} 52. Kc3 {[%clk
00:15:54]} {[%emt 00:00:05]} Bxd4# {[%clk 00:29:57]} {[%emt 00:00:05]} 0-1

[Event "XLIV Memoriał Szachowy Ludwika Zamenhofa 2025, Grupa B"]
[Site "Bialystok, Poland"]
[Date "2025.12.28"]
[Round "3.27"]
[White "Sucharski, Jakub"]
[Black "Zielinski, Krzysztof"]
[Result "0-1"]
[TimeControl "90'+30\""]
[WhiteElo "1871"]
[BlackElo "1739"]

1. e4 {[%clk 01:30:58]} {[%emt 00:00:01]} e5 {[%clk 01:29:54]} {[%emt
00:01:07]} 2. Nf3 {[%clk 01:31:21]} {[%emt 00:00:07]} Nc6 {[%clk 01:30:19]}
{[%emt 00:00:05]} 3. d4 {[%clk 01:31:44]} {[%emt 00:00:06]} exd4 {[%clk
01:30:44]} {[%emt 00:00:05]} 4. Bc4 {[%clk 01:32:07]} {[%emt 00:00:07]} Nf6
{[%clk 01:31:11]} {[%emt 00:00:04]} 5. e5 {[%clk 01:32:30]} {[%emt 00:00:07]}
d5 {[%clk 01:31:36]} {[%emt 00:00:04]} 6. Bb5 {[%clk 01:32:49]} {[%emt
00:00:11]} Ne4 {[%clk 01:32:00]} {[%emt 00:00:07]} 7. Nxd4 {[%clk 01:33:10]}
{[%emt 00:00:09]} Bd7 {[%clk 01:32:08]} {[%emt 00:00:22]} 8. Bxc6 {[%clk
01:33:33]} {[%emt 00:00:07]} bxc6 {[%clk 01:32:33]} {[%emt 00:00:05]} 9. O-O
{[%clk 01:33:57]} {[%emt 00:00:06]} Bc5 {[%clk 01:32:50]} {[%emt 00:00:13]} 10.
f3 {[%clk 01:34:21]} {[%emt 00:00:06]} Ng5 {[%clk 01:33:16]} {[%emt 00:00:04]}
11. f4 {[%clk 01:34:43]} {[%emt 00:00:08]} Ne4 {[%clk 01:33:40]} {[%emt
00:00:06]} 12. Be3 {[%clk 01:35:07]} {[%emt 00:00:05]} Qh4 {[%clk 01:29:35]}
{[%emt 00:04:35]} 13. Nd2 {[%clk 01:25:09]} {[%emt 00:10:29]} Nxd2 {[%clk
01:23:45]} {[%emt 00:06:20]} 14. Qxd2 {[%clk 01:25:34]} {[%emt 00:00:05]} O-O
{[%clk 01:21:15]} {[%emt 00:03:00]} 15. Rae1 {[%clk 01:23:29]} {[%emt
00:02:35]} Bxd4 {[%clk 01:16:51]} {[%emt 00:04:54]} 16. Bxd4 {[%clk 01:23:35]}
{[%emt 00:00:24]} Bf5 {[%clk 01:15:35]} {[%emt 00:01:45]} 17. Qc3 {[%clk
01:22:26]} {[%emt 00:01:39]} Qh6 {[%clk 01:15:50]} {[%emt 00:00:15]} 18. h3
{[%clk 01:19:42]} {[%emt 00:03:14]} Qe6 {[%clk 01:13:30]} {[%emt 00:02:50]} 19.
g4 {[%clk 01:17:37]} {[%emt 00:02:36]} Be4 {[%clk 01:13:50]} {[%emt 00:00:10]}
20. f5 {[%clk 01:17:40]} {[%emt 00:00:26]} Qd7 {[%clk 01:12:34]} {[%emt
00:01:46]} 21. Kf2 {[%clk 01:16:11]} {[%emt 00:02:00]} Rfe8 {[%clk 01:07:13]}
{[%emt 00:05:50]} 22. Ke2 {[%clk 01:15:25]} {[%emt 00:01:16]} a6 {[%clk
01:04:16]} {[%emt 00:03:28]} 23. Kd1 {[%clk 01:15:18]} {[%emt 00:00:36]} Rab8
{[%clk 01:03:51]} {[%emt 00:00:55]} 24. Kc1 {[%clk 01:14:07]} {[%emt 00:01:42]}
Rb5 {[%clk 01:03:26]} {[%emt 00:00:52]} 25. f6 {[%clk 01:10:02]} {[%emt
00:04:38]} Qe6 {[%clk 01:01:41]} {[%emt 00:02:15]} 26. Qe3 {[%clk 01:09:43]}
{[%emt 00:00:49]} c5 {[%clk 01:01:14]} {[%emt 00:00:56]} 27. Qg5 {[%clk
01:10:01]} {[%emt 00:00:12]} Bg6 {[%clk 01:01:33]} {[%emt 00:00:11]} 28. Bg1
{[%clk 01:07:00]} {[%emt 00:03:31]} d4 {[%clk 01:00:46]} {[%emt 00:01:17]} 29.
b3 {[%clk 01:07:05]} {[%emt 00:00:26]} c4 {[%clk 00:55:41]} {[%emt 00:05:34]}
30. Bxd4 {[%clk 00:59:00]} {[%emt 00:08:35]} cxb3 {[%clk 00:55:49]} {[%emt
00:00:23]} 31. axb3 {[%clk 00:59:09]} {[%emt 00:00:21]} Qc6 {[%clk 00:51:43]}
{[%emt 00:04:36]} 32. Rf2 {[%clk 00:54:38]} {[%emt 00:05:01]} Reb8 {[%clk
00:46:50]} {[%emt 00:05:23]} 33. Kb2 {[%clk 00:52:48]} {[%emt 00:02:20]} a5
{[%clk 00:44:26]} {[%emt 00:02:53]} 34. Ra1 {[%clk 00:47:02]} {[%emt 00:06:16]}
Qc4 {[%clk 00:43:30]} {[%emt 00:01:22]} 35. Qe3 {[%clk 00:46:24]} {[%emt
00:01:12]} c5 {[%clk 00:42:40]} {[%emt 00:01:21]} 36. Bc3 {[%clk 00:42:02]}
{[%emt 00:04:52]} Rxb3+ {[%clk 00:42:13]} {[%emt 00:00:57]} 37. Kc1 {[%clk
00:42:09]} {[%emt 00:00:22]} Rxc3 {[%clk 00:42:19]} {[%emt 00:00:25]} 0-1